| 000 | 00724nam a2200241 i 4500 | ||
|---|---|---|---|
| 001 | bg | ||
| 100 | 1 | _aJASIŃSKA, Bronisława | |
| 245 | 1 | 0 |
_aJęzyk angielski : _brepetytorium gramatyki z ćwiczeniami / _cBronisława Jasińska, Janina Jaślan, Monika Woytowicz-Neymann. |
| 250 | _aWyd. 19. | ||
| 260 |
_aWarszawa : _bWydawnictwo Szkolne PWN, _c1999. |
||
| 300 |
_a301, [1] s. ; _c24 cm. |
||
| 650 | 9 |
_aJęzyk angielski _xgramatyka |
|
| 655 | _aPodręczniki | ||
| 700 | 1 | _aJAŚLAN, Janina | |
| 700 | 1 | _aWOYTOWICZ-NEYMANN, Monika | |
| 020 | _a8371950659 | ||
| 040 | _cBPK | ||
| 041 | 0 | _aengpol | |
| 080 | _a811.111'36(07) | ||
| 920 | _a83-7195-065-9 | ||
| 942 | _cKS | ||
| 008 | s pl f |000 0 pol | ||
| 999 |
_c53182 _d53182 |
||